00591nam a2200121 4500082001200000100008200012245009800094260008200192300001500274500005500289536004600344650007900390 aRR.0355 aRout, Gyanendra Kumar uGovernment Degree CollegevPauri Garhwal, Uttarakhand aProfessional Development of Teachers of Higher Education in Uttrakhand/cGyanendra Kumar Rout aPauri Garhwal, Uttarakhand:bIndian Council of Social Science Research,c2017 axiv, 131p. aIncluded Bibliographical References and Appendices aIndian Council of Social Science Research aHigher educationaTeachersaProfessional educationxEducationzUttarakhand